Selected Stories of Amrita Pritam/ (Record no. 193768)

MARC details
000 -LEADER
fixed length control field 00800nam a22001937a 4500
005 - DATE AND TIME OF LATEST TRANSACTION
control field 20241009122540.0
010 ## - LCCN (DPL NO)
LC control number B-746277-281 E.N.A./7.11.22 ENG-142008
020 ## - INTERNATIONAL STANDARD BOOK NUMBER
International Standard Book Number 9788123799858
Terms of availability 365.00
035 ## - SYSTEM CONTROL NUMBER
System control number B-746277-281
035 ## - SYSTEM CONTROL NUMBER
System control number EN-125540
037 ## - SOURCE OF ACQUISITION
Source of stock number/acquisition DBAD
082 ## - DEWEY DECIMAL CLASSIFICATION NUMBER
Classification number S
245 ## - TITLE STATEMENT
Title Selected Stories of Amrita Pritam/
Statement of responsibility, etc Translated by Amritbir Kaur
260 ## - PUBLICATION, DISTRIBUTION, ETC. (IMPRINT)
Place of publication, distribution, etc New Delhi
Name of publisher, distributor, etc National Book Trust
Date of publication, distribution, etc 2021
270 ## - ADDRESS
Address Nehru Bhawan, 5 Institutional Area, Phase -II Vasant Kunj
City New Delhi-
Postal code 110070
300 ## - PHYSICAL DESCRIPTION
Extent 382p.
Dimensions 22cm(pbk)
942 ## - ADDED ENTRY ELEMENTS (KOHA)
Source of classification or shelving scheme Dewey Decimal Classification
Item type English Books
Call number suffix SEL
Classification part S
Holdings
Withdrawn status Lost status Not for loan Collection code Home library Current library Date acquired Source of acquisition Cost, normal purchase price Full call number Barcode Copy number Cost, replacement price Koha item type
      Non-fiction Ashok Vihar Ashok Vihar 10/04/2023 National Book Trust India/NB/224/30.11.22/181/24.11.22/30.11.22 365.00 S SEL B-746278 1 365.00 English Books
      Non-fiction Central Library Central Library 10/04/2023 National Book Trust India/NB/224/30.11.22/181/24.11.22/30.11.22 365.00 S SEL B-746277 1 365.00 English Books
      Non-fiction Central Library Central Library 09/10/2024 Delivery of Books Act Division 365.00 SEL S EN-125540 1 365.00 English Books
      Non-fiction Patel Nagar Patel Nagar 10/04/2023 National Book Trust India/NB/224/30.11.22/181/24.11.22/30.11.22 365.00 S SEL B-746279 1 365.00 English Books
      Non-fiction Sarojini Nagar Sarojini Nagar 10/04/2023 National Book Trust India/NB/224/30.11.22/181/24.11.22/30.11.22 365.00 S SEL B-746280 1 365.00 English Books
      Non-fiction Shahdara Branch Shahdara Branch 10/04/2023 National Book Trust India/NB/224/30.11.22/181/24.11.22/30.11.22 365.00 S SEL B-746281 1 365.00 English Books

© Delhi Public Library
Hit Counter
free hit counter